000 00630nam a2200169 a 4500
001 000015899
005 20200929164208.0
008 100222s2000 dr 001 0 spa d
040 _aDO-SdBNP
_bspa
_cBNPHU
082 _axxxx
_bC735h
245 0 0 _a¿Cómo se hace...? :
_bselección y compilación manual de expresión oral y escrita texto de consulta /
_cJuan Luciano Amandís Rodríguez.
260 _aBonao, República Dominicana :
_bHortensias,
_c2000.
_fServicios Marka
300 _a160 p. :
_bil. ;
_c22 cm.
504 _aIncluye bibliografía (p. 160 )
700 1 _aAmandís Rodríguez, Juan Luciano
_935777
049 _aBNPD
999 _c15441
_d15441